Loose - ENHYPEN - Statistics

General Stats
  • This quiz has been taken 61 times
  • The average score is 251 of 373
Answer Stats
Hint Answer % Correct
Heeseung | Jake | Jay | +2 others I
100%
Heeseung | Jake | Jay | Sunoo To
97%
Heeseung | Jungwon | Sunoo A
94%
Heeseung You,
92%
Heeseung | Jake | Jay | +2 others You
92%
Heeseung | Jay You)
92%
Heeseung | Jake | Jay | Sunoo Can
89%
Heeseung | Jake | Jay | +4 others Loose
89%
Sunghoon Loose,
89%
Heeseung Loose)
89%
Ni-ki Be
86%
Heeseung | Jay | Jungwon | +2 others It
86%
Heeseung | Jake | Sunghoon Me
83%
Heeseung | Jake | Sunghoon Me,
83%
Jay (Me
83%
Jake My
83%
Heeseung | Jay In
81%
Heeseung | Jake | Jay | +3 others It's
81%
Jake The
81%
Heeseung | Jake | Jay | +2 others Too
81%
Heeseung Too,
81%
Heeseung | Jake | Sunghoon Can't
78%
Jake Feel
78%
Jake Heart
78%
Heeseung | Jake | Ni-ki | Sunghoon Just
78%
Jake | Ni-ki Keep
75%
Jake | Ni-ki On
75%
Heeseung | Jake | Jay | +3 others And
72%
Jake Cool
72%
Heeseung | Jay Next
72%
Heeseung (Next
72%
Jake Racing
72%
Heeseung | Jake | Jungwon | +3 others Your
72%
Heeseung | Jake | Jungwon | +3 others Body
69%
Jungwon | Ni-ki (Ha)
69%
Heeseung | Jake | Jay So
69%
Jake | Jungwon | Ni-ki | +2 others All
67%
Jake Being
67%
Jake | Jungwon | Sunoo Hot,
67%
Jake | Jay | Jungwon | +3 others Let
67%
Heeseung | Sunghoon (Let
67%
Jake Patient?
67%
Heeseung | Jake | Jungwon | +3 others This
67%
Jake Am
64%
Jake | Jungwon | Sunghoon | Sunoo Baby
64%
Jake | Jungwon | Ni-ki | +2 others Baby,
64%
Jake Floor
64%
Jake Floor)
64%
Jake Hard
64%
Jungwon | Sunoo Like
64%
Sunoo Like)
64%
Heeseung See
64%
Jake Sweatin'
64%
Heeseung Take
64%
Heeseung Anymore
61%
Jungwon | Sunoo Burning
61%
Heeseung | Jake | Sunghoon Eyes
61%
Jungwon | Sunoo Fire
61%
Heeseung | Jake | Jungwon | +2 others Inside
61%
Heeseung | Jay Waiting
61%
Heeseung | Jay Want
61%
Heeseung | Jake | Ni-ki | +2 others Yeah,
61%
Heeseung | Sunghoon Yeah)
61%
Heeseung | Jay Been
58%
Heeseung | Jay Get
58%
Jungwon | Ni-ki | Sunoo Girl,
58%
Heeseung | Ni-ki I'm
58%
Ni-ki Ponytail
58%
Ni-ki Right
58%
Jungwon | Ni-ki | Sunoo We
58%
Heeseung | Jake | Sunghoon At
56%
Heeseung | Jay How
56%
Heeseung | Jay I've
56%
Heeseung | Jay Tell
56%
Jake | Jungwon | Ni-ki | +2 others Tension,
56%
Ni-ki Dancing
53%
Ni-ki (Dancing,
53%
Ni-ki Dancing)
53%
Heeseung | Sunoo Give
53%
Jake Got
53%
Heeseung | Jake | Sunghoon Look
53%
Jungwon | Sunoo Magic's
53%
Heeseung (Oh,
53%
Jake (Oh-
53%
Jake Oh)
53%
Heeseung | Jake | Sunghoon Crowded
50%
Jay (Crowded
50%
Jay | Ni-ki Don't
50%
Heeseung | Jake | Sunghoon Refuse
50%
Heeseung | Jake | Sunghoon Room
50%
Jay Room)
50%
Heeseung Room,
50%
Ni-ki Shy
50%
Ni-ki Sittin'
50%
Ni-ki That
50%
Heeseung | Jake | Jay | +2 others Way
50%
Ni-ki Broke
47%
Heeseung Close
47%
Ni-ki Down,
47%
Jay | Ni-ki Let's
47%
Jake (Ooh,
47%
Heeseung (Ooh-
47%
Heeseung Ooh,
47%
Heeseung Ooh-
47%
Heeseung Ooh
47%
Heeseung Taste
47%
Ni-ki Ice
44%
Jay One,
44%
Jay Time
44%
Jay Two,
44%
Heeseung | Jay Bad
42%
Heeseung Begging
42%
Heeseung Chance
42%
Jay Five,
42%
Jay Four,
42%
Ni-ki Glad
42%
Jungwon | Sunoo Should
42%
Heeseung Sign
42%
Heeseung There's
42%
Jay Think
42%
Jay Three,
42%
Heeseung If
39%
Heeseung | Jake | Sunghoon Lockin'
39%
Heeseung (Lockin'
39%
Jay Long,
39%
Heeseung Ah-
36%
Heeseung Ah)
36%
Heeseung (Ah)
36%
Sunoo However
36%
Sunoo (However
36%
Jay Waste
36%
Jay Another
33%
Jay Second
33%
Jay Tonight
33%
Jay Wanna
33%
Heeseung We're
33%
Heeseung I'ma
31%
Jay Mm-
22%
Jay mm
22%
Heeseung (Whoo)
17%
Jay hmm-
14%
No matching quizzes found
Score Distribution
Percent of People with Each Score
Percentile by Number Answered
Your Score History
You have not taken this quiz